LIBRARY & INFORMATION CENTRE, KCAET, TAVANUR

ONLINE PUBLIC ACCESS CATALOGUE (OPAC)

Introduction to micro processors / (Record no. 2568)

MARC details
000 -LEADER
fixed length control field 00486cam a2200181ua 4500
020 ## - INTERNATIONAL STANDARD BOOK NUMBER
ISBN 0 07 460222 5
041 ## - LANGUAGE CODE
Language code of text/sound track or separate title eng
082 ## - DEWEY DECIMAL CLASSIFICATION NUMBER
Classification number 004.1
Item number MAT/IN
100 ## - MAIN ENTRY--AUTHOR NAME
Personal name Mathur, Aditya P .
245 ## - TITLE STATEMENT
Title Introduction to micro processors /
250 ## - EDITION STATEMENT
Edition statement 3 /
260 ## - PUBLICATION, DISTRIBUTION, ETC. (IMPRINT)
Place of publication New Delhi :
Name of publisher Tata Mc-Graw Hill Publishing Company ,
Year of publication 1989.
300 ## - PHYSICAL DESCRIPTION
Number of Pages 612 ; .
942 ## - ADDED ENTRY ELEMENTS (KOHA)
Koha item type Books
Holdings
Withdrawn status Lost status Damaged status Home library Current library Date acquired Full call number Accession Number Koha item type Shelving location
      KAUAET KAUAET 07/04/2012 004.1 18896 Books  
      KAUAET KAUAET 23/07/2018 004.1 MAT/IN 17966 Book Bank scheme for SC students Scheme
      KAUAET KAUAET 23/07/2018 004.1 MAT/IN 17967 Book Bank scheme for SC students Scheme
free website counter